Genshin Impact 4* Swords by Picture - Statistics

General Stats
  • This quiz has been taken 26 times
  • The average score is 11 of 23
Answer Stats
Picture Answer % Correct
The Flute
94%
Lion's Roar
89%
Favonius Sword
83%
Sacrificial Sword
83%
Cinnabar Spindle
61%
Festering Desire
61%
Iron Sting
61%
Prototype Rancour
61%
Sapwood Blade
56%
The Dockhand's Assistant
50%
The Black Sword
44%
Finale of the Deep
39%
Fleuve Cendre Ferryman
39%
The Alley Flash
39%
Wolf-Fang
39%
Blackcliff Longsword
33%
Sword of Descension
33%
Sword of Narzissenkreuz
33%
Amenoma Kageuchi
28%
Royal Longsword
28%
Xiphos' Moonlight
28%
Kagotsurube Isshin
22%
Toukabou Shigure
17%
No matching quizzes found
Score Distribution
Percent of People with Each Score
Percentile by Number Answered
Your Score History
You have not taken this quiz